00685 2200241 4500001002100000005001500021035002000036007000300056008004100059020001800100082000800118084001400126100003200140245009000172250001400262300001200276600002100288264004800309336002100357337001900378338003000397990001600427INLIS00000000000600820260423012240 a0010-0426000002ta260423 0 ind  a9786235235844 a920 a920 FRA l0 aFRANS PATI HERINePengarang1 aLOMPAT KAPAL KE AMERIKA :bKISAH DI BALIK LIPUTAN JURNALIS KOMPAS /cFRANS PATI HERIN aCETAKAN 1 a123 hlm 4aFRANS PATI HERIN aJAKARTA :bPT KOMPAS MEDIA NUSANTARA,c2025 2rdacontentaTEXT 2rdamediaaBUKU 2rdacarrieraRAK 8 LAJUR 2 a00000013957